Das gruppendiskussionsverfahren in der forchungspraxis
Saved in:
| Other Authors: | |
|---|---|
| Format: | Book |
| Language: | German |
| Published: |
Opladen :
Barbara Budrich,
2006
|
| Subjects: | |
| Tags: |
Add Tag
No Tags, Be the first to tag this record!
|
MARC
| LEADER | 00000nam a2200000 i 4500 | ||
|---|---|---|---|
| 001 | 1/59784 | ||
| 008 | 071022s2006 ger d | ||
| 020 | |a 3-938094-41-9 | ||
| 035 | |l 10091716 | ||
| 040 | |a GR-MY-UA |b gre |e aacr | ||
| 041 | 0 | |a ger | |
| 082 | 0 | |a 300.723 |2 (22) | |
| 245 | 1 | 4 | |a Das gruppendiskussionsverfahren in der forchungspraxis / |c Ralf Bohnsack, Aglaja Przyborski, Burkhard Schaffer (Hrsg.) |
| 260 | |a Opladen : |b Barbara Budrich, |c 2006 | ||
| 300 | |a 304 σ.; |c 24 εκ. | ||
| 504 | |a Περιλαμβάνει βιβλιογραφίες | ||
| 650 | 0 | 0 | |a Discussion |x Study and teaching. |
| 650 | 0 | 0 | |a Discussion. |
| 650 | 0 | 0 | |a Research |x Methodology. |
| 700 | 1 | |a Bohnsack, Ralf. |4 edt | |
| 852 | |a INST |b RHODES |e 20071022 |h 300.723 DAS |p 005400025381 |q 005400025381 |t BK |y 0 | ||
| 901 | |a BIBL4-2007-3 | ||
| 909 | |a Ρ |b 139553 | ||
| 922 | |a 4ΕΛΗ |b 200709 |c ΕΠΕΑΕΚ2/ΠΤΔΕ |d ΠΑΠΑΣΩΤΗΡΙΟΥ | ||
| 970 | |a ΧΑΡΙΟΠΟΛΙΤΟΥ |b ΚΩΝΣΤΑΝΤΙΝΑ |z 2007/10/22 | ||